<?xml version="1.0" encoding="utf-8"?>
<?xml-stylesheet type='text/xsl' href='./oai2.xsl'?>
<OAI-PMH xmlns="http://www.openarchives.org/OAI/2.0/" xmlns:xsi="http://www.w3.org/2001/XMLSchema-instance" xsi:schemaLocation="http://www.openarchives.org/OAI/2.0/ http://www.openarchives.org/OAI/2.0/OAI-PMH.xsd">
  <responseDate>2026-06-06T11:12:51Z</responseDate>
  <request verb="GetRecord" metadataPrefix="marcxml" identifier="record_kuniweb_2508565">https://kulturerbe.niedersachsen.de/oai</request>
  <GetRecord>
    <record>
      <header>
        <identifier>record_kuniweb_2508565</identifier>
        <datestamp>2026-03-31T19:09:18Z</datestamp>
        <setSpec>slg0175</setSpec>
      </header>
      <metadata>
        <marc:record xmlns:marc="http://www.loc.gov/MARC21/slim" xsi:schemaLocation="http://www.loc.gov/MARC21/slim http://www.loc.gov/standards/marcxml/schema/MARC21slim.xsd">
          <marc:leader>12345nkm  22     uu 4500</marc:leader>
          <marc:controlfield tag="001">2508565</marc:controlfield>
          <marc:controlfield tag="003">http://kuniweb.gbv.de</marc:controlfield>
          <marc:controlfield tag="005">2024-05-27T13:44:49</marc:controlfield>
          <marc:controlfield tag="008">|           ||||||||||||||||||||||</marc:controlfield>
          <marc:datafield tag="245" ind1="1" ind2="0">
            <marc:subfield code="a">Venetianischer Edelmann</marc:subfield>
          </marc:datafield>
          <marc:datafield tag="720" ind1=" " ind2=" ">
            <marc:subfield code="a">E. A. Seemann (Firma : Leipzig)</marc:subfield>
          </marc:datafield>
          <marc:datafield tag="720" ind1=" " ind2=" ">
            <marc:subfield code="a">Fr Felsing</marc:subfield>
          </marc:datafield>
          <marc:datafield tag="720" ind1=" " ind2=" ">
            <marc:subfield code="a">William Unger</marc:subfield>
          </marc:datafield>
          <marc:datafield tag="720" ind1=" " ind2=" ">
            <marc:subfield code="a">Domenico Tintoretto</marc:subfield>
          </marc:datafield>
          <marc:datafield tag="655" ind1=" " ind2="7">
            <marc:subfield code="a">Grafik</marc:subfield>
          </marc:datafield>
          <marc:datafield tag="046" ind1=" " ind2=" ">
            <marc:subfield code="k">1871</marc:subfield>
            <marc:subfield code="k">1871/72 (Veröffentlichung der Reproduktion in der "Zeitschrift für bildende Kunst" 1872)</marc:subfield>
            <marc:subfield code="l">1872</marc:subfield>
          </marc:datafield>
          <marc:datafield tag="260" ind1=" " ind2=" ">
            <marc:subfield code="g">1871</marc:subfield>
            <marc:subfield code="g">1872</marc:subfield>
            <marc:subfield code="g">1871/72 (Veröffentlichung der Reproduktion in der "Zeitschrift für bildende Kunst" 1872)</marc:subfield>
          </marc:datafield>
          <marc:datafield tag="300" ind1=" " ind2=" ">
            <marc:subfield code="a">Höhe: 190 mm (Darstellung)
Breite: 145 mm (Darstellung)
Höhe: 230 mm (Druckplatte)
Breite: 175 mm (Druckplatte)</marc:subfield>
          </marc:datafield>
          <marc:datafield tag="520" ind1=" " ind2=" ">
            <marc:subfield code="a">Radierung William Ungers nach einem Gemälde Domenico Tintorettos (1585, Museumslandschaft Hessen Kassel), erschienen als Beilage in der "Zeitschrift für bildende Kunst" 1872, wo das reproduzierte Kunstwerk dem Vater des Malers, Jacopo Tintoretto zugeschrieben wird ("[...] dieses mit der Bravour vollster Manneskraft aus der Werkstätte Tintoretto's hervorgegangene Gemälde giebt uns das Alter des Meister's auf 73 Jahre an! Das auf dem Tische liegende Papierconvolut ist bezeichnet: anno salutis 1585." [ZfbK 1872, S. 366]).
Aktuelle Zuschreibung bestätigt das Gemälde als frühestes datiertes Porträt Domenicos, das im Typus Vorbildern des Vaters folge, aber nüchterner und sachlicher in der Erfassung des Modells sei (B. Schnackenburg 1996, S. 295). In der Folgezeit ähnliche Porträts in Bezug auf Komposition und Kostüm der dargestellten Personen vom Maler angefertigt.
ZfbK beschreibt das Erstlingswerk des Künstlers in der Erwartung eines Meisterwerks des Vaters mit gewissem Überschwang: "Zu der durch die Radirung meisterhaft wiedergegebenen Großartigkeit der Gesammtwirkung dieses Prachtexemplars italienischer Bildnißmalerei kommt im Originale noch eine Energie der Technik, welche jede Schwierigkeit vergessen läßt, den praktischen Künstler in Erstaunen und den Kenner und Liebhaber in die genußvollste Stimmung versetzt. Gleichsam in einem einzigen Zuge, ohne Unterbrechung zum Atemholen, ist alles hingeschrieben. [...] Schade, daß man den Namen des [dargestellten] Mannes nicht kennt [...]. Es spiegelt sich darin ein Stück italienischer Geschichte. Man denkt an die hohe geistige und materielle Entwicklung jener Zeit, aber auch unwillkürlich an Gift und Dolch." (ZfbK 1872, S. 366) (T. Mahler 05/2024)

Aufschrift:
"7/12" verso u. re. (Angaben zur Auflage ("Zeitschrift für bildende Kunst", Bd. 7, Heft 12, Leipzig 1872))

Aufdruck:
"Tintoretto pinx./ Verlag von E.A. Seemann in Leipzig." u. li. "VENETIANISCHER EDELMANN./ Das Original befindet sich in der Galerie zu Cassel." u. mittig "W. Unger sculps./ Druck v. Fr. Felsing München." u. re. (unterhalb der Darstellung innerhalb der Druckplatte)

Gravur:
"ANNO SALUTIS/ MDLXXXV" mittig li. (Datierung innerhalb der Darstellung des reproduzierten Gemäldes auf einem Brief vor der dargestellten Person)

Veröffentlicht in:
Zeitschrift für bildende Kunst. Mit dem Beiblatt Kunst-Chronik, hrsg. von Carl von Lützow (Bd. 7, 12), Leipzig (1872).

Literatur in Zusammenhang:
B. Schnackenburg, „Gemäldegalerie Alte Meister Gesamtkatalog“. von Zabern, Mainz am Rhein, 1996.</marc:subfield>
          </marc:datafield>
          <marc:datafield tag="650" ind1="1" ind2=" ">
            <marc:subfield code="a">Grafik, Fotografie &gt; Druckgrafik &gt; Tiefdruck &gt; Radierung</marc:subfield>
          </marc:datafield>
          <marc:datafield tag="773" ind1="0" ind2=" ">
            <marc:subfield code="t">Sammlung und Nachlass Hermann Allmers</marc:subfield>
          </marc:datafield>
          <marc:datafield tag="852" ind1=" " ind2=" ">
            <marc:subfield code="a">Archiv des Landkreises Cuxhaven</marc:subfield>
          </marc:datafield>
          <marc:datafield tag="" ind1=" " ind2=" ">
            <marc:subfield code="a">Sammlung und Nachlass Hermann Allmers sind Eigentum der Hermann-Allmers-Gesellschaft e. V. und werden in zwei Teilen an zwei Standorten verwahrt:
Die (museale) Sammlung, bestehend aus Mobiliar und Hausgerät, Tafelgemälden, kleineren und größeren Antiken, Gipsabgüssen, kunsthandwerklichen Objekten aus Keramik und Glas und einer kleinen Bibliothek, befindet sich im Allmers-Haus in Rechtenfleth.
Der literarische, grafische und fotografische "Nachlass Hermann Allmers" hingegen ist im Archiv des Landkreises Cuxhaven in Otterndorf deponiert.</marc:subfield>
          </marc:datafield>
          <marc:datafield tag="" ind1=" " ind2=" ">
            <marc:subfield code="a">Namensnennung - Nicht kommerziell - Keine Bearbeitungen 4.0 International (CC BY-NC-ND 4.0)</marc:subfield>
          </marc:datafield>
        </marc:record>
      </metadata>
    </record>
  </GetRecord>
</OAI-PMH>
